| 000 | 00449nam a2200181Ia 4500 | ||
|---|---|---|---|
| 001 | 24683 | ||
| 005 | 20260414151100.0 | ||
| 008 | 260414t2024||||xx |||||||||||||| ||spa|| | ||
| 041 | _aESP | ||
| 082 |
_a345.721 _bS68 |
||
| 100 |
_aSoria Aguilar, Alfredo F., _eAUT |
||
| 245 | 0 |
_aArbitraje en contrataciones con el Estado _b |
|
| 260 | _c2024 | ||
| 300 |
_a278 páginas : _c24 cm. |
||
| 650 | _aDER | ||
| 654 | _aCDE | ||
| 942 |
_cLIB _dJUS _fJUS _2ddc _n |
||
| 999 |
_c24683 _d24683 |
||